The History of Don Quixote (Record no. 3020)

MARC details
000 -CABECERA
campo de control de longitud fija 02011nam a2200349 a 4500
001 - NÚMERO DE CONTROL
campo de control BRCA_3284
005 - FECHA Y HORA DE LA ÚLTIMA TRANSACCIÓN
campo de control 20190320204214.0
008 - DATOS DE LONGITUD FIJA--INFORMACIÓN GENERAL
campo de control de longitud fija 130309m18641867enka---###---#000-0#eng-#
041 ## - CÓDIGO DE LENGUA
Código de lengua del texto/banda sonora o título independiente eng
044 ## - CÓDIGO DEL PAÍS DE LA ENTIDAD EDITORA/PRODUCTORA
Código MARC del país enk
084 ## - OTRO NÚMERO DE CLASIFICACIÓN
Número de clasificación 586
Número de documento/Ítem .C37
-- 1864
100 1# - ENTRADA PRINCIPAL--NOMBRE DE PERSONA
Nombre de persona Cervantes Saavedra, Miguel de
Fechas asociadas al nombre 1547-1616
9 (RLIN) 213
245 10 - MENCIÓN DE TÍTULO
Título The History of Don Quixote
Mención de responsabilidad, etc. By Cervantes.
260 ## - PUBLICACIÓN, DISTRIBUCIÓN, ETC.
Lugar de publicación, distribución, etc. Londres
Nombre del editor, distribuidor, etc. Cassel Petter and Galpin
Fecha de publicación, distribución, etc. 1864-1867
300 ## - DESCRIPCIÓN FÍSICA
Extensión 1 v. en 2 partes (xxviii, 737 p.)
Otras características físicas il.
Dimensiones 31 cm.
500 ## - NOTA GENERAL
Nota general Contenido : Primera parte. Lista de ilustraciones. Noticia biográfica sobre Cervantes. Prólogo del autor. Segunda parte. Prólogo del autor
500 ## - NOTA GENERAL
Nota general Edición : The Test Edited by J. W. Clark and a Biographical Notice of Cervantes by T. Teignmouth Shore. Illustrated by Gustavo Doré
500 ## - NOTA GENERAL
Nota general Traducción de J. W. Clark, bastante buena; esta basada en la de Jarvis con correcciones tomadas de la versión de Motteux. La noticia biográfica está extractada de la Vida de Cervantes escrita por J. A. Pellicer. Edición profusamente ilustrada con excelentes dibujos de G. Doré y magnificamente impresa. Sin embargo, no llega a la de las ediciones publicadas en París y Barcelona, en 1863 y 1865, respectivamente, primeras que ostentan los preciosos dibujos de tan famoso artista. Tela; planos y lomos adornados con dorados; corte dorado también Lúdovik Osterc
500 ## - NOTA GENERAL
Nota general Estado físico : Encuadernación desprendida
500 ## - NOTA GENERAL
Nota general QM461
546 ## - NOTA DE LENGUA/LENGUAJE
Nota de lengua/lenguaje Texto en : inglés
650 14 - PUNTO DE ACCESO ADICIONAL DE MATERIA--TÉRMINO DE MATERIA
Término de materia o nombre geográfico como elemento de entrada Novela española
Subdivisión cronológica Época clásica, 1500-1700
9 (RLIN) 215
650 14 - PUNTO DE ACCESO ADICIONAL DE MATERIA--TÉRMINO DE MATERIA
Término de materia o nombre geográfico como elemento de entrada Literatura española
Subdivisión cronológica Época clásica, 1500-1700
9 (RLIN) 216
650 14 - PUNTO DE ACCESO ADICIONAL DE MATERIA--TÉRMINO DE MATERIA
Término de materia o nombre geográfico como elemento de entrada Novela española
Subdivisión cronológica Siglo XVII
9 (RLIN) 217
650 14 - PUNTO DE ACCESO ADICIONAL DE MATERIA--TÉRMINO DE MATERIA
Término de materia o nombre geográfico como elemento de entrada Don Quijote (Personaje ficticio)
Término indicativo de función/relación Novela
9 (RLIN) 218
700 1# - PUNTO DE ACCESO ADICIONAL--NOMBRE DE PERSONA
Nombre de persona Clark, J. W.
Término indicativo de función/relación Editor
9 (RLIN) 8703
700 1# - PUNTO DE ACCESO ADICIONAL--NOMBRE DE PERSONA
Nombre de persona Teignmouth Shore, Thomas
Fechas asociadas al nombre 1841-1911
Término indicativo de función/relación Editor
9 (RLIN) 8704
700 1# - PUNTO DE ACCESO ADICIONAL--NOMBRE DE PERSONA
Nombre de persona Doré, Paul Gustave
Fechas asociadas al nombre 1781-1852
Término indicativo de función/relación Ilustrador
9 (RLIN) 8705
740 0# - PUNTO DE ACCESO ADICIONAL--TÍTULO RELACIONADO O ANALÍTICO NO CONTROLADO
Título relacionado o analítico no controlado El Ingenioso Hidalgo Don Quijote de la Mancha
902 ## - CATALOGADOR
Iniciales QFM
942 ## - ELEMENTOS DE PUNTO DE ACCESO ADICIONAL (KOHA)
Fuente del sistema de clasificación o colocación Library of Congress Classification
Tipo de ítem Koha Libros
Holdings
Estado de retiro Estado de pérdida Estado dañado No para préstamo Localización permanente Ubicación/localización actual Fecha de adquisición Número de inventario Total de préstamos Signatura topográfica completa Código de barras Fecha visto por última vez Precio válido a partir de Tipo de ítem Koha
El ejemplar forma parte de la colección y puede ser consultado según las políticas vigentes.       Biblioteca del Museo Franz Mayer (Rogerio Casas-Alatriste) Biblioteca del Museo Franz Mayer (Rogerio Casas-Alatriste) 13/03/2009 QM461   586 .C37 1864 (QM461) 3281 22/03/2019 22/03/2019 Libros